00713nam a2200217Ia 4500003000900000008004100009020002200050040001600072080001900088100002800107245005300135260004000188300001500228650001700243650002700260650002000287700002900307942000700336999001700343952013500360IN-BaIIA211028s9999 xx 000 0 eng d a978-0-470-38771-9 cIIA Library a535.215.2bMIL aMilonni, Peter W921026 0aLaser physicscPeter W. Milonni and J. H. Eberly aNew JerseybJohn Wiley & Sonsc2010 axiv, 830p. aLasers93580 aNonlinear optics95388 aPhysical optics aEberly, Joseph H.935449 cBK c18453d18453 00104070aBANbBANcGENd2012-12-10eINT g8404.00l0o535.215.2/ MILp19375r2021-11-05v8404.00w2012-12-10yBKGRs. 8404.00